| 000 | 00911nam a22002657a 4500 | ||
|---|---|---|---|
| 005 | 20141030160610.0 | ||
| 010 | _aENG-102833 | ||
| 020 |
_c295.00 _a9789380032511 |
||
| 035 | _aEN-86366 | ||
| 035 | _aB-535575-579 | ||
| 037 | _bDBAD/PUB | ||
| 037 |
_bUBH/Ven _adpl |
||
| 082 | _a873.08 | ||
| 245 |
_aSirigannada : _cedited by Vivek Shanbhag _bcontemporary Kannada writings / |
||
| 260 |
_aChennai _bWestland _c2010 |
||
| 270 |
_aVenkat tower,165,P.H.Road,Maduravoya 1, _bChennai _e600095 |
||
| 300 |
_a293p. _b22cm (pbk) |
||
| 500 | _aShort stories | ||
| 520 | _aSelected short stories of 20th century Kannada authors | ||
| 650 |
_aShort stories, Kannada _vTranslations into English. |
||
| 650 |
_aKannada fiction _y20th century _vTranslations into English. |
||
| 700 |
_aShanbhag,Vivek _929132 |
||
| 942 |
_2ddc _cEN _mSIR _h873.08 |
||
| 999 |
_c53526 _d53526 |
||